Zgadnij Model Autobusu - Statystyki

Ogólne statystyki
  • Ten quiz został rozwiązany 30 razy
  • Średni wynik to 3 z 9
Statystyki odpowiedzi
Obrazkowy Odpowiedź % Poprawnych
Solaris Urbino 12 III
77%
Solaris Urbino 18 III
62%
MAN Lion's City 12E
38%
Mercedes eCitaro
38%
Solaris Urbino 8.9 LE
31%
Solbus SM12
23%
Irizar
15%
Autosan Sancity 18LF
8%
Scania CityWide 12LF
8%
Nie znaleziono quizów pasujących do podanych kryteriów
Rozkład punktacji
Procent ludzi z każdym wynikiem
Percentyl według liczby udzielonych odpowiedzi
Twoja historia wyników
Nie rozwiązałeś tego quizu